Government Finance Statistics Yearbook 2000 [new in this issue: Moldova, Slovenia, Tajikistan, Vanuatu]
Enregistré dans:
| Format: | Livre |
|---|---|
| Langue: | anglais |
| Publié: |
Washington, D.C.
IMF
2000
|
| Sujets: | |
| Tags: |
Pas de tags, Soyez le premier à ajouter un tag!
|
MARC
| LEADER | 00000nam a2200000 4500 | ||
|---|---|---|---|
| 001 | c124175 | ||
| 005 | 20251218124921.3 | ||
| 020 | |a 1-55775-933-2 | ||
| 022 | |a 0250-7374 | ||
| 041 | 0 | |a eng | |
| 044 | |a US | ||
| 245 | 1 | 0 | |a Government Finance Statistics Yearbook 2000 |b [new in this issue: Moldova, Slovenia, Tajikistan, Vanuatu] |
| 264 | 1 | |a Washington, D.C. |b IMF |c 2000 | |
| 300 | |a 493 s. | ||
| 610 | 2 | 0 | |a financie |
| 610 | 2 | 0 | |a financie štátne |
| 610 | 2 | 0 | |a štatistika finančná |
| 610 | 2 | 0 | |a politika finančná |